2024 Veikkausliiga - Standings - Statistics

General Stats
  • This quiz has been taken 110 times
  • The average score is 9 of 12
Answer Stats
Hint Answer % Correct
3. HJK
100%
1. KuPS
98%
2. Ilves
87%
7. Inter Turku
83%
4. SJK
76%
9. AC Oulu
75%
5. VPS
70%
6. Haka
61%
8. Gnistan
58%
11. FC Lahti
54%
10. IFK Mariehamn
46%
12. Ekenas IF
42%
No matching quizzes found
Score Distribution
Percent of People with Each Score
Percentile by Number Answered
Your Score History
You have not taken this quiz